[Event "It (open)"]
[Site "masterchessopen.com Regensburg (Germany)"]
[Round "1"]
[White "Teske Henrik (GER)"]
[Black "Heinkelmann Josef (GER)"]
[Result "1-0"]
[WhiteElo "2515"]
[BlackElo "1888"]

1.d4 Nf6 2.Nf3 g6 3.g3 Bg7 4.Bg2 O-O 5.O-O d5 6.c4 c6 7.Nbd2 Bf5 8.b3 Ne4
9.Bb2 Nd7 10.e3 Ndf6 11.Qe2 Rc8 12.Rfc1 Nxd2 13.Nxd2 Qd7 14.a4 Bg4 15.Qf1 Bf5
16.b4 Ne4 17.Nb3 Rfe8 18.f3 Nf6 19.g4 Be6 20.Nc5 Qc7 21.g5 Nd7 22.Nxe6 fxe6
23.Bh3 Kf7 24.f4 Rb8 25.a5 a6 26.b5 axb5 27.cxb5 c5 28.e4 c4 29.Qf3 Qd6 30.Qe3
Nf8 31.Bc3 Kg8 32.Bg4 Ra8 33.Rcb1 Reb8 34.Kg2 Kf7 35.Ra2 Kg8 36.Kg3 Kf7 37.Re2
Re8 38.h4 Kg8 39.Bb4 Qc7 40.h5 gxh5 41.Bxh5 Rec8 42.Bc3 Rd8 43.Bg4 Kf7 44.Qf3
Kg8 45.Rbe1 Rxa5 46.Bxa5 Qxa5 47.exd5 exd5 48.Rxe7 Bxd4 49.Rd1 Qc3 50.Rxb7
Qxf3+ 51.Bxf3 Ne6 52.Re7 Ng7 53.Kg4 Bc5 54.Rc7 Bb6 55.Bxd5+ Rxd5 56.Rc8+ Rd8
57.Rdxd8+ Bxd8 58.Rxd8+ Kf7 59.Rd7+ Kf8 60.b6 c3 61.b7 c2 62.Rc7 {#r} 1-0

[Event "Ch Slovakia (team) 1996/97 (3 liga) (a)"]
[Site "masterchessopen.com Slovakia"]
[Round "4"]
[White "Heinrich Jan (SVK)"]
[Black "Vach Jozef (SVK)"]
[Result "1-0"]
[WhiteElo "2099"]
[BlackElo "1861"]

1.d4 d5 2.Nf3 Nf6 3.g3 g6 4.Bg2 Bg7 5.c4 c6 6.O-O O-O 7.Nbd2 Nbd7 8.b3 b6
9.Bb2 Bb7 10.Qc2 Rc8 11.Rac1 e6 12.Rfd1 Qe7 13.Qb1 Rfd8 14.h3 Bh6 15.e3 Ne8
16.Nh2 f5 17.Nhf3 Nef6 18.Ne1 Ne4 19.Nd3 Ndf6 20.Ne5 Nxd2 21.Rxd2 Ne4 22.Rdc2
dxc4 23.Bxe4 fxe4 24.Rxc4 c5 25.dxc5 b5 26.R4c2 Bd5 27.Ng4 Bg7 28.Bxg7 Qxg7
29.Qb2 Qxb2 30.Rxb2 a5 31.Rbc2 Rc7 32.Nf6+ Kf7 33.Nxh7 Rdc8 34.Ng5+ Kf6 35.h4
Rc6 36.Kf1 a4 37.bxa4 bxa4 38.a3 Kf5 39.Nf7 Rb8 40.Rc3 Rb2 41.g4+ Kf6 42.Nd6
Rb8 43.Kg2 Rh8 44.Kg3 Rb8 45.g5+ Ke7 46.R1c2 Rc7 47.Kf4 Rf8+ 48.Ke5 Rh8
49.Nxe4 Rxh4 50.f4 Rh8 51.Rb2 Bxe4 52.Kxe4 Rf8 53.Rb4 Rf5 54.c6 Kd6 55.Rd4+
Rd5 56.Rxd5+ exd5+ 57.Kd4 Rxc6 58.Rxc6+ Kxc6 59.f5 {#r} 1-0

[Event "Ch Russia (juniors) (under 12)"]
[Site "masterchessopen.com St. Petersburg (Russia)"]
[Round "5"]
[White "Zhuravlev A (RUS)"]
[Black "Adinez Andrey (RUS)"]
[Result "1-0"]
[WhiteElo "2060"]
[BlackElo "2259"]

1.d4 Nf6 2.Nf3 g6 3.g3 Bg7 4.Bg2 d5 5.O-O O-O 6.c4 c6 7.Nbd2 Nbd7 8.b3 b5
9.Bb2 a5 10.e4 e6 11.e5 Ne8 12.a4 Nc7 13.Qc2 dxc4 14.bxc4 b4 15.Nb3 Bb7
16.Nfd2 Ne8 17.Ne4 f6 18.Nbc5 Nxc5 19.Nxc5 Qc8 20.exf6 Bxf6 21.Qe4 Nd6
22.Qxe6+ Qxe6 23.Nxe6 Rf7 24.Rac1 Re8 25.Nc5 Re2 26.Ba1 Rd2 27.Nxb7 Nxb7
28.Bxc6 Kg7 29.Rfd1 Ra2 30.c5 Re7 31.Bxb7 Rxb7 32.c6 Rc7 33.d5 Bxa1 34.Rxa1
Rc2 35.d6 Rf7 36.f4 Rxc6 37.d7 {#r} 1-0

[Event "It (juniors)"]
[Site "masterchessopen.com Tallinn (Estonia)"]
[Round "10"]
[White "Bekker-Jensen David (DEN)"]
[Black "Uvarov Vyacheslav (EST)"]
[Result "1-0"]
[WhiteElo "2180"]
[BlackElo "2165"]

1.d4 Nf6 2.c4 g6 3.g3 Bg7 4.Bg2 d5 5.Nf3 O-O 6.O-O c6 7.Nbd2 Bf5 8.b3 Nbd7
9.Bb2 Ne4 10.Nh4 Nxd2 11.Qxd2 Be6 12.e4 dxe4 13.Bxe4 Bh3 14.Rfe1 e5 15.d5 Nc5
16.Bh1 cxd5 17.Bxd5 Qc7 18.Nf3 Rae8 19.Qe3 Bf5 20.Ba3 b6 21.Rad1 a5 22.Rd2 Kh8
23.Nd4 Bd7 24.Nb5 Bxb5 25.cxb5 f5 26.Bc6 Rd8 27.Red1 Rxd2 28.Rxd2 Rd8 29.Rxd8+
Qxd8 30.Bxc5 bxc5 31.Qxc5 Qd1+ 32.Kg2 h5 33.Bf3 Qd8 34.Bd5 e4 35.b6 Kh7 36.b7
Be5 37.Bg8+ Kh6 38.Qxe5 {#r} 1-0

[Event "It (open)"]
[Site "masterchessopen.com Tapolca (Hungary)"]
[Round "0"]
[White "Kustar Sandor (HUN)"]
[Black "Szabo Zsolt (HUN)"]
[Result "1-0"]
[WhiteElo "2430"]
[BlackElo "2325"]

1.Nf3 Nf6 2.c4 g6 3.g3 Bg7 4.Bg2 O-O 5.d4 c6 6.O-O d5 7.Nbd2 Bf5 8.b3 a5 9.a3
Ne4 10.Bb2 Qb6 11.c5 Qc7 12.Nxe4 Bxe4 13.Bh3 Nd7 14.Rc1 Bf5 15.Bxf5 gxf5
16.Rc2 Nf6 17.Bc1 Kh8 18.Bf4 Qd7 19.Qd3 Nh5 20.Bc1 Rg8 21.Nh4 e6 22.Qf3 Nf6
23.Rd1 Ne4 24.Ng2 Qe7 25.Qh5 b6 26.f3 Nf6 27.Qh4 Qb7 28.Bh6 Bxh6 29.Qxh6 Nd7
30.cxb6 Qxb6 31.Rd3 Rac8 32.Qe3 Rc7 33.Nf4 Rgc8 34.Nh5 c5 35.Qh6 Rg8 36.Nf6
Nxf6 37.Qxf6+ Rg7 38.Qd8+ Rg8 39.Qf6+ Rg7 40.Rdc3 h5 41.dxc5 Qb8 42.Rd2 Kg8
43.e4 Rg6 44.Qe5 fxe4 45.fxe4 Qc8 46.b4 axb4 47.axb4 dxe4 48.Qxe4 Ra7 49.Qe5
Ra1+ 50.Kg2 {#r} 1-0

[Event "It (open)"]
[Site "masterchessopen.com Tapolca (Hungary)"]
[Round "0"]
[White "Zilahi Gabor (HUN)"]
[Black "Jakab Attila (HUN)"]
[Result "1-0"]
[WhiteElo "2022"]
[BlackElo "2130"]

1.Nf3 d5 2.d4 Nf6 3.g3 g6 4.Bg2 Bg7 5.O-O O-O 6.c4 c6 7.Nbd2 a5 8.b3 Ne4 9.Bb2
Bf5 10.e3 Nxd2 11.Nxd2 Na6 12.a3 Bd3 13.Re1 a4 14.cxd5 cxd5 15.e4 dxe4 16.Nxe4
Bxe4 17.Bxe4 Qb6 18.Re3 Rad8 19.Rd3 Rd7 20.Rb1 f5 21.Bg2 Qd6 22.Bf1 axb3
23.Qxb3+ Qd5 24.Qxd5+ Rxd5 25.Rb3 Rd7 26.Bc3 Rc8 27.a4 Bxd4 28.Bxd4 Rxd4
29.Rxb7 Rxa4 30.Rxe7 Rc7 31.Rxc7 Nxc7 32.Rb8+ Kf7 33.Rb7 Re4 34.Rxc7+ Kg8
35.Kg2 Ra4 36.h4 Rb4 37.Be2 Re4 38.Bc4+ Kh8 39.f3 Rd4 40.Kf2 f4 41.g4 Rd2+
42.Kg1 Rd1+ 43.Kg2 Rd2+ 44.Kh3 Rf2 45.g5 Rxf3+ 46.Kg4 h5+ 47.gxh6 Rg3+ 48.Kxf4
Rg5 49.Bd3 Rg1 50.h5 gxh5 51.Bf5 Rd1 52.Rc8+ {#r} 1-0

[Event "Ch Canada (juniors) (under 18)"]
[Site "masterchessopen.com Winnipeg (Canada)"]
[Round "5"]
[White "Zugic Igor (CAN)"]
[Black "Afrah Navid (CAN)"]
[Result "1-0"]
[WhiteElo "2320"]
[BlackElo "2141"]

1.d4 Nf6 2.Nf3 g6 3.g3 d5 4.Bg2 Bg7 5.O-O O-O 6.c4 c6 7.Nbd2 Bf5 8.b3 a5 9.Bb2
Na6 10.a3 Rc8 11.Rc1 b5 12.Nh4 Bg4 13.h3 Be6 14.Nhf3 bxc4 15.bxc4 Rb8 16.Bc3
Ne4 17.Nxe4 dxe4 18.Ng5 Bxc4 19.Nxe4 Bd5 20.e3 Rb3 21.a4 Rb8 22.Qd2 Nb4 23.Rb1
Bxe4 24.Bxe4 Qd7 25.Rfc1 c5 26.dxc5 Qxa4 27.Bxg7 Kxg7 28.c6 Qb5 29.c7 Rbc8
30.Bc6 Qe5 31.f4 Qxc7 32.Bd7 Qb7 33.Bxc8 Rxc8 34.Rxc8 Qxc8 35.Kh2 Qe6 36.Rc1
Nd5 37.Re1 Nb4 38.Qc3+ f6 39.e4 Qa2+ 40.Kg1 Qc2 41.Qxc2 Nxc2 42.Rc1 Nd4 43.Kg2
g5 44.fxg5 fxg5 45.Rc5 Kf6 46.Rxa5 e6 47.Kf2 Nc6 48.Rc5 Ne5 49.Ke3 h6 50.Rc2
h5 51.Rf2+ Ke7 52.Ra2 Kf6 53.Ra8 Ng6 54.Kd4 h4 55.g4 e5+ 56.Kc5 Nf4 57.Kd6
Nxh3 58.Rf8+ Kg7 59.Rf5 Kg6 60.Kxe5 Nf4 61.Rf6+ Kg7 62.Rd6 h3 63.Rd1 Ng6+
64.Kf5 Kh6 65.Rh1 Nf4 66.e5 Kg7 67.Kxg5 Nd3 68.Rxh3 Nxe5 69.Ra3 Nf7+ 70.Kh5
Kf6 71.g5+ Kg7 72.Ra7 Kg8 73.Rxf7 Kxf7 74.Kh6 Kf8 75.Kh7 {#r} 1-0

[Event "Memorial V.Syre (open)"]
[Site "masterchessopen.com Issy Les Moulineaux (France)"]
[Round "0"]
[White "Dezan Pierre (FRA)"]
[Black "Le Roux Jacques (FRA)"]
[Result "1-0"]
[WhiteElo "2147"]
[BlackElo "1845"]

1.d4 Nf6 2.Nf3 g6 3.g3 Bg7 4.Bg2 O-O 5.O-O d5 6.c4 c6 7.Nbd2 Nbd7 8.b3 dxc4
9.Nxc4 Nb6 10.Nfe5 Nxc4 11.bxc4 Ng4 12.Nf3 e5 13.e3 exd4 14.exd4 Nh6 15.Rb1
Nf5 16.d5 cxd5 17.cxd5 Nd6 18.Ba3 Re8 19.Nd4 a6 20.Rc1 Bxd4 21.Qxd4 Nb5 22.Qb2
Nxa3 23.Qxa3 b5 24.d6 Ra7 25.Qc5 Rd7 26.Bc6 {#r} 1-0

[Event "It (open)"]
[Site "masterchessopen.com Aragon (Spain)"]
[Round "0"]
[White "Javierre Conesa Alfonso (ESP)"]
[Black "Querol Soro Sergio (ESP)"]
[Result "0-1"]
[WhiteElo "2045"]
[BlackElo "1987"]

1.d4 Nf6 2.Nf3 g6 3.g3 Bg7 4.Bg2 c6 5.c4 O-O 6.O-O d5 7.Nbd2 Ne4 8.e3 Bg4
9.cxd5 cxd5 10.Qb3 Nd6 11.Qxd5 Be6 12.Qc5 Na6 13.Qa3 Qb6 14.Qd3 Nb4 15.Qb1
Rac8 16.a3 Nc2 17.Ra2 Bxa2 18.Qxa2 Qa6 19.Qb1 Qb5 20.h4 Rc7 21.Ng5 Rfc8 22.Bh3
Rf8 23.Bg2 h6 24.Ngf3 Rfc8 25.Rd1 Nxa3 26.bxa3 Qxb1 27.Nxb1 Rxc1 28.Rf1 Ne4
29.Nfd2 Rxf1+ 30.Kxf1 Nc3 31.Nxc3 Rxc3 32.Bxb7 Rxa3 33.Nc4 Ra2 34.Kg2 Bf8
35.g4 e6 36.Kg3 Bb4 37.f3 Be1+ 38.Kf4 Bxh4 39.Ne5 Re2 40.d5 Bg5+ 41.Kg3 Rxe3
42.Nc4 Rb3 43.Bc6 Rb4 {#R} 0-1

[Event "Staatsliga B Mitte 1998/99"]
[Site "masterchessopen.com Austria"]
[Round "2"]
[White "Denk Adolf (AUT)"]
[Black "Kilgus Georg (AUT)"]
[Result "0-1"]
[WhiteElo "2265"]
[BlackElo "2427"]

1.d4 Nf6 2.Nf3 g6 3.g3 Bg7 4.Bg2 O-O 5.O-O d5 6.c4 c6 7.Nbd2 Bf5 8.b3 a5 9.Bb2
a4 10.Ne1 Qa5 11.Qc1 Nbd7 12.Bc3 Qb6 13.Nc2 Bh6 14.e3 Ne4 15.Nxe4 dxe4 16.b4
Qa6 17.Na3 b5 18.c5 Nf6 19.h3 Rad8 20.Nb1 Qc8 21.Kh2 Be6 22.Nd2 Bd5 23.Qd1 Qe6
24.a3 Bg5 25.Qe2 Nd7 26.h4 Bh6 27.Bh3 f5 28.Rfe1 Nf6 29.Qf1 Ng4+ 30.Kg1 g5
31.hxg5 Bxg5 32.Qg2 h5 33.Re2 Bc4 34.Ree1 Rf7 35.Rac1 Bd5 36.Bb2 h4 37.Kf1 Rg7
38.Ke2 Bh6 39.Rg1 hxg3 40.Qxg3 Nxe3 41.Qc7 Rc8 42.Rxg7+ Kxg7 43.Qg3+ Ng4
44.Bxg4 fxg4 45.Rg1 Kf6 46.Qxg4 Qxg4+ 47.Rxg4 Kf5 48.Rg1 Rg8 49.Rxg8 Bxg8
50.Ke1 Bc4 51.Nb1 Kg4 52.Bc3 Bd3 53.Nd2 Kf5 54.Kd1 Ke6 55.Bb2 Kd5 56.Bc1 Bg7
57.f3 e3 58.Ne4 Bxe4 59.fxe4+ Kxe4 60.d5 cxd5 {#R} 0-1

[Event "It (open)"]
[Site "masterchessopen.com Bad Wiessee (Germany)"]
[Round "2"]
[White "Behnke Michael (GER)"]
[Black "Hank Holger (GER)"]
[Result "0-1"]
[WhiteElo "1804"]
[BlackElo "2038"]

1.Nf3 g6 2.d4 Bg7 3.g3 Nf6 4.Bg2 O-O 5.O-O c6 6.c4 d5 7.Nbd2 Nbd7 8.b3 a5
9.Bb2 a4 10.Re1 Re8 11.Qc2 Qa5 12.c5 e5 13.dxe5 Ng4 14.e4 Qxc5 15.Qxc5 Nxc5
16.Bd4 Nd3 17.Red1 dxe4 18.Nxe4 Ndxe5 19.Nxe5 Nxe5 20.Nd6 Re6 21.Nxc8 Rxc8
22.f4 Ng4 23.Bxg7 Kxg7 24.Bf3 Nf6 25.bxa4 Re3 26.Kf2 Ra3 27.Rd4 Re8 28.Bd1
Ree3 29.Bb3 Rexb3 30.axb3 Rxa1 31.Rb4 Ra2+ 32.Kf3 b5 33.axb5 cxb5 34.h4 Ra5
35.Rd4 Ra3 36.Rd3 h6 37.Ke2 Ne4 38.Re3 Nc5 39.b4 Rxe3+ 40.Kxe3 Na6 41.Kd4 Nxb4
42.Kc5 Kf6 {#R} 0-1

[Event "It (cat.7)"]
[Site "masterchessopen.com Budapest (Hungary)"]
[Round "3"]
[White "Szabolcsi Janos (HUN)"]
[Black "Vovsha Eli (ISR)"]
[Result "1-0"]
[WhiteElo "2425"]
[BlackElo "2225"]

1.Nf3 Nf6 2.d4 g6 3.c4 Bg7 4.g3 d5 5.Bg2 O-O 6.Nbd2 c6 7.O-O Ne4 8.cxd5 cxd5
9.Ne5 Nxd2 10.Bxd2 Nd7 11.Bc3 Nxe5 12.dxe5 Be6 13.Qd2 Qd7 14.Rfd1 Rfd8 15.Qg5
h6 16.Qf4 Qb5 17.Rd2 Rd7 18.a4 Qa6 19.Bf1 Qc4 20.e3 Qxf4 21.gxf4 g5 22.fxg5
hxg5 23.Rad1 Rad8 24.Bb5 Rc7 25.f3 Rdc8 26.Rg2 f6 27.f4 gxf4 28.exf4 f5 29.Kf2
Kh7 30.Rd3 Bh6 31.Rh3 Rg8 32.Rg5 Bf7 33.e6 Bxe6 34.Rgh5 Rg6 35.Be8 {#r} 1-0

[Event "It (sheveningen)"]
[Site "masterchessopen.com Cairo (Egypt)"]
[Round "7"]
[White "Csom Istvan (HUN)"]
[Black "Yasseen Aly (EGY)"]
[Result "1-0"]
[WhiteElo "2475"]
[BlackElo "2315"]

1.Nf3 Nf6 2.g3 g6 3.Bg2 Bg7 4.O-O O-O 5.d4 d5 6.c4 c6 7.Nbd2 Nbd7 8.b3 a5
9.Bb2 a4 10.Qc2 a3 11.Bc3 b6 12.e4 Bb7 13.e5 Ne8 14.cxd5 cxd5 15.Bb4 Rc8
16.Qd3 Nc7 17.Rfc1 Ba6 18.Qe3 Re8 19.Bxa3 f6 20.Bb2 fxe5 21.Nxe5 Nxe5 22.dxe5
Ne6 23.Bh3 Rxc1+ 24.Rxc1 Nc5 25.Bd4 Nd3 26.Rc3 Nc5 27.b4 Ne4 28.Nxe4 dxe4
29.Be6+ Kh8 30.Qxe4 Bb7 31.Qxb7 Qxd4 32.Rc8 Rf8 33.Rxf8+ Bxf8 34.Qa8 {#r} 1-0

[Event "It (open)"]
[Site "masterchessopen.com Copenhagen (Denmark)"]
[Round "3"]
[White "Bekker-Jensen David (DEN)"]
[Black "Dongart Dennis (DEN)"]
[Result "1-0"]
[WhiteElo "2255"]
[BlackElo "2115"]

1.d4 Nf6 2.c4 g6 3.Nf3 Bg7 4.g3 O-O 5.Bg2 c6 6.O-O d5 7.Nbd2 Bg4 8.b3 Ne4
9.Bb2 Bxf3 10.exf3 Nxd2 11.Qxd2 dxc4 12.bxc4 e5 13.d5 Qd6 14.f4 Nd7 15.Rad1 c5
16.f5 gxf5 17.Bh3 f4 18.gxf4 Nb6 19.fxe5 Qg6+ 20.Kh1 Nxc4 21.Qe2 Nxb2 22.Qxb2
Qh5 23.Rg1 Kh8 24.Rde1 Qxh3 25.Rxg7 Qf3+ 26.Kg1 Rg8 27.Rg3 Rxg3+ 28.hxg3 Qxd5
29.e6+ Qd4 30.Qxb7 Rg8 31.Kg2 fxe6 32.Rxe6 Rf8 33.Re2 Qd8 34.Re7 Qa8 35.Rxh7+
Kg8 36.Rg7+ Kh8 37.Qxa8 Rxa8 38.Rc7 Rb8 39.Rxc5 Rb2 40.Rc8+ {#r} 1-0

[Event "Extra League 1997/98"]
[Site "masterchessopen.com Czech Republic"]
[Round "8"]
[White "Konopka Michal (CZE)"]
[Black "Talla Vladimir (CZE)"]
[Result "1-0"]
[WhiteElo "2465"]
[BlackElo "2305"]

1.Nf3 Nf6 2.c4 g6 3.g3 Bg7 4.Bg2 c6 5.O-O O-O 6.d4 d5 7.Nbd2 a5 8.b3 a4 9.Bb2
Qa5 10.Qc1 Bf5 11.Nh4 Be6 12.f4 Nbd7 13.Qc2 Ng4 14.Rf3 f5 15.Rd3 Ndf6 16.b4
Qa7 17.a3 dxc4 18.Nxc4 Bd5 19.Ne3 e6 20.Rc1 Qa6 21.Nc4 Rfd8 22.Ne5 Bxg2
23.Kxg2 Nxe5 24.dxe5 Ne4 25.Nf3 Rd5 26.Rxd5 exd5 27.Qd3 Qb6 28.Bd4 Qd8 29.b5
Qd7 30.bxc6 bxc6 31.e6 Qd6 32.Bxg7 Kxg7 33.Qd4+ Kg8 34.Qb6 Rc8 35.Qb7 Qc7
36.Qa6 c5 37.Qxa4 Qd6 38.Qd7 Qxd7 39.exd7 {#r} 1-0

[Event "Olympiad"]
[Site "masterchessopen.com Elista (Russia)"]
[Round "2"]
[White "Asabri Hussien (LBA)"]
[Black "Calangi Zachary Alexander (MAC)"]
[Result "1-0"]
[WhiteElo "2189"]
[BlackElo "2145"]

1.d4 d5 2.Nf3 Nf6 3.g3 g6 4.Bg2 Bg7 5.c4 O-O 6.O-O c6 7.Nbd2 Nbd7 8.b3 h6
9.Bb2 Ne4 10.Qc2 f5 11.Rfd1 e6 12.Ne5 Nxe5 13.dxe5 Qc7 14.Nf3 Qf7 15.e3 b6
16.Bf1 Bb7 17.Ne1 a5 18.Nd3 Rac8 19.Rac1 dxc4 20.Qxc4 b5 21.Qd4 Rfd8 22.Qb6
Bf8 23.a3 Qc7 24.Qxc7 Rxc7 25.Nf4 Rxd1 26.Rxd1 Kf7 27.Rd8 Bg7 28.a4 g5 29.Nd3
Bf8 30.Be2 Ke7 31.Rb8 g4 32.Nf4 Bg7 33.Rg8 Kf7 34.Rxg7+ Kxg7 35.Nxe6+ Kf7
36.Nxc7 b4 37.Bc4+ Ke7 38.Ne6 Bc8 39.Nd4 {#r} 1-0

[Event "Olympiad"]
[Site "masterchessopen.com Elista (Russia)"]
[Round "6"]
[White "Khamdamov Suhrob (TJK)"]
[Black "Mohandesi Shahin (IRI)"]
[Result "1-0"]
[WhiteElo "2140"]
[BlackElo "2305"]

1.d4 Nf6 2.c4 g6 3.g3 c6 4.Bg2 d5 5.Nd2 Bg7 6.Ngf3 O-O 7.O-O Bf5 8.Ne5 Nbd7
9.cxd5 cxd5 10.Qb3 Qb6 11.Qxb6 Nxb6 12.Nb3 Ng4 13.Bf4 Nxe5 14.Bxe5 Bxe5
15.dxe5 e6 16.Nd4 Rfc8 17.Rac1 Nc4 18.h3 h5 19.b3 Nxe5 20.f3 g5 21.Nxf5 exf5
22.Rxc8+ Rxc8 23.f4 gxf4 24.Rxf4 Ng6 25.Rxf5 Ne7 26.Rxh5 Rc2 27.Kf1 Rxa2
28.Bxd5 Nxd5 29.Rxd5 Rb2 30.Rb5 b6 31.Kf2 Kf8 32.Kf3 Ke7 33.h4 Kd6 34.h5 Ke7
35.h6 Kf8 36.Rg5 Rxb3+ 37.Kf2 {#r} 1-0

[Event "It (open)"]
[Site "masterchessopen.com Helsinki (Finland)"]
[Round "3"]
[White "Jouhki Yrjo Markus (FIN)"]
[Black "Kiltti Jyrki (FIN)"]
[Result "1-0"]
[WhiteElo "2285"]
[BlackElo "2271"]

1.d4 Nf6 2.Nf3 g6 3.g3 Bg7 4.Bg2 O-O 5.O-O d5 6.c4 c6 7.Nbd2 Ne4 8.e3 Nxd2
9.Nxd2 Na6 10.cxd5 cxd5 11.Qb3 e6 12.Nf3 b6 13.Bd2 Bb7 14.Rfc1 Qe7 15.Bf1 Rfc8
16.Rxc8+ Rxc8 17.Qa4 Rc4 18.Bxc4 dxc4 19.Ne1 e5 20.d5 Bh6 21.Rd1 Qc5 22.Qe8+
Kg7 23.Bc3 {#r} 1-0

[Event "Ch Hungary (team) 1998/99 (2 liga)"]
[Site "masterchessopen.com Hungary"]
[Round "0"]
[White "Kadar Gabor (HUN)"]
[Black "Horvath Tamas I (HUN)"]
[Result "1-0"]
[WhiteElo "2245"]
[BlackElo "2318"]

1.Nf3 c6 2.g3 Nf6 3.Bg2 d5 4.d4 g6 5.O-O Bg7 6.c4 O-O 7.Nbd2 Nbd7 8.cxd5 cxd5
9.b3 b6 10.Ba3 Re8 11.h3 Bb7 12.Rc1 Rc8 13.Rxc8 Qxc8 14.Qb1 Qb8 15.Rc1 e6
16.e3 Rc8 17.Bf1 Rxc1 18.Qxc1 Qc8 19.Qb2 Qc7 20.Bb4 a5 21.Bc3 Bf8 22.b4 axb4
23.Bxb4 Ne8 24.Bxf8 Nxf8 25.Ne5 Nd6 26.a4 f6 27.Nd3 Ba6 28.Nf4 Bxf1 29.Nxf1
Nc4 30.Qb4 Kf7 31.Qxf8+ Kxf8 32.Nxe6+ {#r} 1-0

[Event "Cup Sweden (1/2 final)"]
[Site "masterchessopen.com Oerebro (Sweden)"]
[Round "0"]
[White "Ingbrandt Johan (SWE)"]
[Black "Eriksson Mats (SWE)"]
[Result "1-0"]
[WhiteElo "2390"]
[BlackElo "2260"]

1.d4 Nf6 2.Nf3 g6 3.g3 Bg7 4.Bg2 O-O 5.O-O d5 6.c4 c6 7.Nbd2 Bf5 8.b3 Ne4
9.Bb2 a5 10.Nh4 Nxd2 11.Qxd2 Be6 12.f4 f5 13.Rfc1 Bf7 14.Qe3 a4 15.Nf3 axb3
16.axb3 Rxa1 17.Bxa1 Bf6 18.Ne5 e6 19.Bc3 Qb6 20.Bd2 Rd8 21.c5 Qa6 22.Qc3 Qa8
23.Bf3 Na6 24.Ra1 Qc8 25.Qa5 Rf8 26.e3 Be8 27.Be2 Nc7 28.Qa4 g5 29.Kh1 Bxe5
30.dxe5 g4 31.Bc3 h5 32.Kg2 Kg7 33.Rh1 Rh8 34.h4 Bd7 35.Ra1 Kg6 36.Qa5 Nb5
37.Bd4 Re8 38.Qb6 Kh6 39.Kf2 Kg6 40.Ke1 Kh6 41.Kd2 Kg6 42.Ra5 Kf7 43.Kc2 Kg6
44.b4 Kf7 45.Kb3 Kg6 46.Bxb5 cxb5 47.Rxb5 Bxb5 48.Qxb5 Qc6 49.Qa5 b5 50.cxb6
Ra8 {#r} 1-0

[Event "It (cat.7)"]
[Site "masterchessopen.com Oxford (England)"]
[Round "5"]
[White "Arkell Keith C (ENG)"]
[Black "Hermansson Emil (SWE)"]
[Result "1-0"]
[WhiteElo "2475"]
[BlackElo "2340"]

1.d4 Nf6 2.Nf3 g6 3.c4 Bg7 4.g3 c6 5.Bg2 d5 6.O-O O-O 7.Nbd2 Bf5 8.b3 a5 9.Bb2
a4 10.e3 Qa5 11.Ba3 Re8 12.Ne5 Nbd7 13.Nxd7 Bxd7 14.b4 Qd8 15.b5 Bf5 16.Qe2
cxb5 17.cxd5 b4 18.Bxb4 Nxd5 19.Qb5 Nxb4 20.Qxb4 e5 21.Nf3 exd4 22.Nxd4 Bc8
23.Rab1 Bxd4 24.Rfd1 Re7 25.Rxd4 Rd7 26.Rxd7 Qxd7 27.a3 h5 28.h4 Qd3 29.Be4
Qd7 30.Qc4 Qe7 31.Rb4 Kh7 32.Bd5 Kg7 33.Qc3+ Qf6 34.Qxf6+ Kxf6 35.Rf4+ Bf5
36.e4 Ke5 37.Bxb7 Ra7 38.exf5 Rxb7 39.fxg6 fxg6 40.Rxa4 Rb3 41.Kg2 Kf6 42.Rf4+
Ke5 43.a4 Ra3 44.Kf1 Ra2 45.Ke1 Ke6 46.Kd1 Ke5 47.Kc1 Ke6 48.Kb1 Re2 49.a5 Re5
50.Ra4 Re1+ 51.Kc2 Re2+ 52.Kd3 Rxf2 53.a6 Rf8 54.a7 Ra8 55.Ke4 {#r} 1-0

[Event "Ch Hungary (open)"]
[Site "masterchessopen.com Pecs (Hungary)"]
[Round "1"]
[White "Ruck Robert (HUN)"]
[Black "Bottyan Peter (SVK)"]
[Result "1-0"]
[WhiteElo "2485"]
[BlackElo "2294"]

1.d4 Nf6 2.c4 g6 3.Nf3 Bg7 4.g3 O-O 5.Bg2 c6 6.O-O d5 7.Nbd2 Bf5 8.b3 Na6
9.Bb2 Qa5 10.a3 Qd8 11.Rc1 Nc7 12.Nh4 Be6 13.h3 a5 14.f4 Nh5 15.Kh2 f5 16.Nhf3
Kh8 17.e3 Nf6 18.Ne5 Nce8 19.Nd3 Nd6 20.Nc5 Bc8 21.Qc2 Nfe4 22.Na4 Be6 23.Nxe4
fxe4 24.Qe2 Bf6 25.Rc2 g5 26.Nc5 Bf5 27.fxg5 Bxg5 28.cxd5 cxd5 29.Qh5 e6
30.Nxe6 Bxe6 31.Rxf8+ Qxf8 32.Qxg5 Qg7 33.Qf4 Ra6 34.a4 Rb6 35.Ba3 Ne8 36.Rf2
Bg8 37.Qb8 Bf7 38.Be7 h6 39.Qd8 Qg6 40.Qb8 Rxb3 41.Qf4 Kg8 42.h4 Rb1 43.Bh3
Ng7 44.Qb8+ Kh7 45.Bf6 Bg8 46.Be5 Rb3 47.Qc7 Kh8 48.Bf5 Qf7 49.Qd6 {#r} 1-0

[Event "Ch Russia (1/2 final)"]
[Site "masterchessopen.com Perm (Russia)"]
[Round "6"]
[White "Kalin Viktor L (RUS)"]
[Black "Gorbushin Anatoly (RUS)"]
[Result "0-1"]
[WhiteElo "2330"]
[BlackElo "2274"]

1.d4 Nf6 2.Nf3 g6 3.g3 Bg7 4.Bg2 O-O 5.O-O d5 6.c4 c6 7.Nbd2 Ne4 8.e3 Bf5
9.cxd5 cxd5 10.Nh4 Nxd2 11.Bxd2 Be4 12.Qb3 Qd7 13.f3 Bf5 14.Nxf5 gxf5 15.Kh1
Nc6 16.Bh3 Rad8 17.Rg1 e6 18.Bf1 Rc8 19.Bd3 Rfd8 20.f4 Kh8 21.Qd1 Qe7 22.Qh5
Nb4 23.Bxb4 Qxb4 24.g4 Qd2 25.Rad1 Qxe3 26.gxf5 Bh6 27.Rgf1 Rg8 28.Qxh6 Rg1+
{#R} 0-1

[Event "It \"]
[Site "masterchessopen.com Philadelphia (USA)"]
[Round "2"]
[White "Shapiro Daniel E (USA)"]
[Black "Mirabile Tim (USA)"]
[Result "0-1"]
[WhiteElo "2305"]
[BlackElo "2154"]

1.d4 Nf6 2.c4 g6 3.Nf3 Bg7 4.g3 c6 5.Bg2 d5 6.Nbd2 O-O 7.O-O Bf5 8.b3 Nbd7
9.Bb2 Re8 10.h3 Ne4 11.e3 Nxd2 12.Nxd2 Nb6 13.Rc1 Qd7 14.Kh2 h5 15.Re1 Rad8
16.Bf1 dxc4 17.bxc4 c5 18.Nb3 cxd4 19.Bxd4 Bxd4 20.Qxd4 Qxd4 21.Nxd4 Be4 22.c5
Nd7 23.Bg2 Bxg2 24.Kxg2 Nb8 25.Rb1 Rd7 26.Rec1 Rc8 27.Rb2 Nc6 28.Nb5 a6 29.Na3
Nd8 30.Rc4 Rdc7 31.Rbc2 Ne6 32.c6 b5 33.Rb4 Rxc6 34.Rxc6 Rxc6 35.Rb2 Kf8
36.Nc2 Nc7 37.Kf3 e5 38.Ke4 f6 39.Ne1 Ke7 40.Kd3 a5 41.f4 b4 42.Rc2 Rxc2
43.Nxc2 Kd6 44.Kc4 Kc6 45.fxe5 fxe5 46.Ne1 Nd5 47.Nf3 Nb6+ 48.Kd3 Kd5 49.e4+
Ke6 50.Nd2 Kd6 51.Nf3 Na4 52.Nd2 Kc5 53.Nf3 Nb2+ 54.Kc2 Nc4 55.Kb3 Kb5 56.Nh4
g5 57.Nf3 g4 58.hxg4 hxg4 59.Nh2 Ne3 {#R} 0-1

[Event "Cup Mitropa"]
[Site "masterchessopen.com Portoroz (Slovenia)"]
[Round "1"]
[White "Ellers Holger (GER)"]
[Black "Benitah Yohan (FRA)"]
[Result "1-0"]
[WhiteElo "2425"]
[BlackElo "2350"]

1.d4 Nf6 2.Nf3 g6 3.g3 d5 4.Bg2 Bg7 5.O-O O-O 6.c4 c6 7.Nbd2 Ne4 8.e3 f5 9.b3
e6 10.Bb2 Nd7 11.Qc2 g5 12.Rfd1 g4 13.Ne1 h5 14.Nd3 Bh6 15.Nf4 Bxf4 16.gxf4
Ndf6 17.f3 Nxd2 18.Rxd2 Kf7 19.fxg4 hxg4 20.Bf1 Rh8 21.Bd3 Bd7 22.Ba3 Rh3
23.Re1 g3 24.Bf1 gxh2+ 25.Kh1 Rg3 26.Rxh2 Ng4 27.Be2 Rxe3 28.Rg1 Rxe2 29.Qxe2
Qf6 30.Rh7+ Kg6 31.Rxg4+ fxg4 32.Rxd7 Qh4+ 33.Kg1 Qg3+ 34.Kf1 Qh3+ 35.Ke1 Re8
36.Qe5 Qc3+ 37.Kd1 Qd3+ 38.Kc1 Qc3+ 39.Kd1 Qd3+ 40.Ke1 Qc3+ 41.Ke2 Qc2+ 42.Kf1
Qd1+ 43.Qe1 Qxd4 44.Bd6 Qd3+ 45.Qe2 Qh3+ 46.Qg2 Qd3+ 47.Kg1 g3 48.Qb2 e5
49.Bxe5 Qe3+ 50.Kg2 Qe4+ 51.Kxg3 Qe3+ 52.Kh2 {#r} 1-0

[Event "It (open)"]
[Site "masterchessopen.com Santiago (Chile)"]
[Round "2"]
[White "Bombardiere Rosas Eduardo (CHI)"]
[Black "Estay Oscar (CHI)"]
[Result "1-0"]
[WhiteElo "2345"]
[BlackElo "2193"]

1.d4 Nf6 2.Nf3 g6 3.g3 Bg7 4.Bg2 O-O 5.O-O d5 6.c4 c6 7.Nbd2 Ne4 8.h3 Nxd2
9.Nxd2 dxc4 10.e3 b5 11.a4 Ba6 12.Qc2 e5 13.dxe5 Qd3 14.Qxd3 cxd3 15.f4 bxa4
16.Rxa4 Bb5 17.Ra5 a6 18.Rd1 f6 19.exf6 Bxf6 20.Ne4 Be7 21.Bd2 Nd7 22.Bc3 Nc5
23.Nd2 Nb7 24.Rxb5 axb5 25.Bxc6 Rab8 26.Bd5+ Rf7 27.Ne4 Nc5 28.Nxc5 Bxc5
29.Rxd3 b4 30.Be5 Rc8 31.Kf2 {#r} 1-0